The aging of the state government workforce: Trends and implications (Record no. 92025)

000 -LEADER
fixed length control field 01402pab a2200181 454500
008 - FIXED-LENGTH DATA ELEMENTS--GENERAL INFORMATION
fixed length control field 180718b2011 xxu||||| |||| 00| 0 eng d
100 ## - MAIN ENTRY--PERSONAL NAME
Personal name Lewis, Gregory B.
245 ## - TITLE STATEMENT
Title The aging of the state government workforce: Trends and implications
260 ## - PUBLICATION, DISTRIBUTION, ETC.
Date of publication, distribution, etc. 2011
300 ## - PHYSICAL DESCRIPTION
Extent p.48-60.
362 ## - DATES OF PUBLICATION AND/OR SEQUENTIAL DESIGNATION
Dates of publication and/or sequential designation Jan
520 ## - SUMMARY, ETC.
Summary, etc. The aging of the baby book generation, combined with the success of the New Public Management in downsizing the federal government, has led to a rapidly aging federal service, a reduced flow of new blood, and a looming "tsunami" of retirements that are forcing the federal service to reconsider many of its human resource practices. Are state government workforces undergoing the same transformation? Using the 1980, 1990, and 2000 Census 5% Public Use Microdata Samples and the 2001-2007 American Community Surveys, the authors find that state governments have older workers than any other sector and that the mean age of their workforce has risen nearly as much as that of the federal civil service. Thus, the retirement tsunami may hit states harder than the federal government. The authors examine the effects of this coming tsunami on turnover, institutional memory, diversity, and educational qualifications. - Reproduced.
650 ## - SUBJECT ADDED ENTRY--TOPICAL TERM
Topical term or geographic name entry element Public administration
700 ## - ADDED ENTRY--PERSONAL NAME
Personal name Cho, Yoon Jik
773 ## - HOST ITEM ENTRY
Main entry heading American Review of Public Administration
908 ## - PUT COMMAND PARAMETER (RLIN)
Put command parameter N
909 ## -
-- 92025
Holdings
Withdrawn status Lost status Damaged status Not for loan Permanent Location Current Location Date acquired Serial Enumeration / chronology Barcode Date last seen Price effective from Koha item type
        Indian Institute of Public Administration Indian Institute of Public Administration 2018-07-19 Volume no: 41, Issue no: 1 AR92485 2018-07-19 2018-07-19 Articles

Powered by Koha